000 00523nam a2200181Ia 4500
008 100920s9999 xx 000 0 und d
082 _b61337
_a891.464 थ 93
100 _aटिळक ज. श्री.
245 _aवारसा.
260 _bटिळक बंधु प्रकाशन, पुणे 30.
_c1993
300 _a134
_bसाधी
365 _b75
520 _aनिबंध.
630 _aवारसा.
650 _aनिबंध.
730 _aवारसा.
942 _cBOOK
999 _c704555
_d704552